| 000 | 01543nab a2200301 4500 | ||
|---|---|---|---|
| 003 | AR-RoBPED | ||
| 005 | 20260504101257.0 | ||
| 008 | 260504b |||||||| |||| 00| 0 spa d | ||
| 040 | _aAR-RoBPED | ||
| 041 | _aspa | ||
| 100 | 1 |
_aBanchero, María Isabel _927464 _eProfesora en Lengua |
|
| 245 | 1 |
_aDiseñar propuestas didácticas a partir de salidas educativas. _bSan Carlos, un lugar para alojar las emociones / |
|
| 260 |
_aBuenos Aires : _bNoveduc, _c2023 |
||
| 300 | _a58-61 p. | ||
| 500 | _aEn este texto se narra una experiencia enmarcada en un proyecto interdisciplinario que se desarrolló con estudiantes de segundo año del Profesorado de Educación Primaria de la Escuela Normal N° 15" D.F Sarmiento", de la ciudad de Concordia, en la provincia de Entre Ríos. Las unidades curriculares implicadas fueron Lengua, Literatura y su Didáctica II, TIC y la UDI de "Historia y Patrimonio Local". | ||
| 650 | 0 |
_aPROPUESTA DIDÁCTICA _922005 |
|
| 650 | 7 |
_aLITERATURA _9244 |
|
| 650 | 7 |
_aLENGUA _9847 |
|
| 650 | 7 |
_aDISEÑOS CURRICULARES _918458 |
|
| 650 | 7 |
_aESTUDIANTES _911380 |
|
| 650 | 7 |
_aFORMACION DE DOCENTES _91259 |
|
| 650 | 7 |
_aDISEÑO CURRICULAR _9306 |
|
| 700 | 1 |
_aImoberdoff, Ana C. _929384 _eLicenciada y profesora en Sistemas |
|
| 700 | 1 |
_aRivero, Héctor F. _930866 _eProfesor Superior de Ciencias Sociales |
|
| 773 | 0 |
_020414 _940098 _dBuenos Aires : Noveduc, 1993- _tNovedades Educativas _w(AR-RoBPED)20414 _x03283534 |
|
| 942 |
_2udc _cREV _h37(05) _mNov 86 N° 393 (Dic. 2023) _ak.32685 |
||
| 945 | _amar 05/2026 | ||
| 999 |
_c32685 _d32685 |
||